Дешаран книжкий, грамматикий (Запись № 12242236)

Подробности
000 -МАРКЕР
контрольное поле 01363nam0a2200301 4500
001 - ИДЕНТИФИКАТОР ЗАПИСИ
контрольное поле RU\NLR\BIBL_A\011879430
005 - ИДЕНТИФИКАТОР ВЕРСИИ
контрольное поле 20250626143327.0
035 ## - ДРУГИЕ СИСТЕМНЫЕ НОМЕРА
Идентификатор записи (NLR Aleph) 011879430
100 ## - ДАННЫЕ ОБЩЕЙ ОБРАБОТКИ
Данные общей обработки 20181203d1982 |||y0rusy50 ca
101 0# - ЯЗЫК РЕСУРСА
Язык текста, звукозаписи и т.д. чеченский
102 ## - СТРАНА ПУБЛИКАЦИИ ИЛИ ПРОИЗВОДСТВА
Страна публикации Российская Федерация
105 ## - ПОЛЕ КОДИРОВАННЫХ ДАННЫХ: ТЕКСТОВЫЕ МАТЕРИАЛЫ, МОНОГРАФИЧЕСКИЕ
Кодированные данные о монографическом текстовом документе a j 000 y
200 1# - ЗАГЛАВИЕ И СВЕДЕНИЯ ОБ ОТВЕТСТВЕННОСТИ
Основное заглавие Дешаран книжкий, грамматикий
Сведения, относящиеся к заглавию 1-чу классана
Первые сведения об ответственности М. Умаров, У. Гайсултанов, А. Мациев, Э. Солтаханов
205 ## - СВЕДЕНИЯ ОБ ИЗДАНИИ
Сведения об издании Арахецна 6-гIа
210 ## - ПУБЛИКАЦИЯ, РАСПРОСТРАНЕНИЕ И ДР.
Место издания, распространения и т.д. Грозный
Имя издателя, распространителя и т. д. Нохч-ГIалгIайн кн. изд-во
Дата издания, распространения и т.д. 1982
215 ## - ФИЗИЧЕСКАЯ ХАРАКТЕРИСТИКА
Специфическое обозначение материала и объем 238 с.
Другие сведения о физической характеристике ил.
Размеры 22
541 1# - ПЕРЕВОД ЗАГЛАВИЯ, СДЕЛАННЫЙ КАТАЛОГИЗАТОРОМ
Заглавие Книга чтения и грамматика
Сведения, относящиеся к заглавию для 1 кл.
Язык заглавия русский
606 1# - НАИМЕНОВАНИЕ ТЕМЫ КАК ПРЕДМЕТ
Наименование темы Чеченский язык
Формальный подзаголовок Книги для чтения
Системный номер авторитетной/нормативной записи 1149433
Идентификатор авторитетной/нормативной записи RU\NLR\AUTH\66458569
686 1# - ИНДЕКСЫ ДРУГИХ КЛАССИФИКАЦИЙ
Индекс Ш160.311-94
701 #1 - ИМЯ ЛИЦА - АЛЬТЕРНАТИВНАЯ ОТВЕТСТВЕННОСТЬ
Код отношения Автор
Начальный элемент ввода Умаров
Часть имени, кроме начального элемента ввода М. У.
Даты 1924-1997
Расширение инициалов личного имени Мухари Умарович
Системный номер авторитетной/нормативной записи 147557
Идентификатор авторитетной/нормативной записи RU\NLR\AUTH\770147593
701 #1 - ИМЯ ЛИЦА - АЛЬТЕРНАТИВНАЯ ОТВЕТСТВЕННОСТЬ
Начальный элемент ввода Гайсултанов
Часть имени, кроме начального элемента ввода У.Э.
Даты 1920-1980
Расширение инициалов личного имени Умар Эдилсултанович
Код отношения Автор
701 #1 - ИМЯ ЛИЦА - АЛЬТЕРНАТИВНАЯ ОТВЕТСТВЕННОСТЬ
Начальный элемент ввода Мациев
Часть имени, кроме начального элемента ввода А.Г.
Даты 1902-1968
Расширение инициалов личного имени Ахмат Гехаевич
Код отношения Автор
701 #1 - ИМЯ ЛИЦА - АЛЬТЕРНАТИВНАЯ ОТВЕТСТВЕННОСТЬ
Начальный элемент ввода Солтаханов
Часть имени, кроме начального элемента ввода Э. Х.
Расширение инициалов личного имени Эльбек Хусейнович
Код отношения Автор
852 ## - МЕСТОНАХОЖДЕНИЕ И ШИФР ХРАНЕНИЯ
Идентификатор организации NLR
Наименование фонда или коллекции (Sub-Location Identifier) ОНЛ
Шифр хранения (Call Number) Чеч./3-683
942 ## - ДОПОЛНИТЕЛЬНЫЕ ЭЛЕМЕНТЫ ЗАПИСИ (АБИС)
Тип экземпляра АБИС Книга
980 ## - КОЛЛЕКЦИЯ
Название коллекции Национальная библиография
Экземпляры
Тип экземпляра Дата поступления Библиотека постоянного хранения Библиотека текущего хранения Место хранения Шифр хранения Штрих-код Статус экземпляра
Книга 03.12.2018 РНБ (Московский) РНБ (Московский) Фонд национальных литератур ОНЛ Чеч./3-683 1-2405666